<The> Economic journal <The> Quarterly Journal of the Royal Economic Society

Gespeichert in:
Bibliographische Detailangaben
Format: Schriftenreihe
Sprache:Englisch
Veröffentlicht: London Royal Economic Society 1987
Tags: Tag hinzufügen
Keine Tags, Fügen Sie das erste Tag hinzu!

MARC

LEADER 00000nas2a2200000 4500
001 s032256
005 20250730114142.7
041 0 |a eng 
044 |a GB 
245 1 0 |a <The> Economic journal  |b <The> Quarterly Journal of the Royal Economic Society 
264 1 |a London  |b Royal Economic Society  |c 1987 
300 |a 2 zv. 
773 0 |w eu_un_cat*s120145